000 00485nam a22001217a 4500
999 _c10215
_d10215
003 OSt
008 201218b ||||| |||| 00| 0 eng d
245 _aIETE Journal of Research
250 _a2009(Mar-Apr Vol.55 No.2, May-Jun Vol.55 No.3, Jul-Aug Vol.55 No.4, Sep-Oct Vol.55 No.5, Nov-Dec Vol.55 No.6) 2011(May-Jun Vol.57 No.3)
260 _aNew Delhi
_bInstitution of Electronics and Telecommunication Engineers
650 _aElectronics and Communication Engineering
942 _2ddc
_cBV